| 000 | 00853nas a2200289 4500 | ||
|---|---|---|---|
| 001 | BR9209192 | ||
| 003 | BR-BrBNA | ||
| 005 | 20231205093230.0 | ||
| 007 | ta | ||
| 008 | 230509b bl.|||p| |||| 00| 00por d | ||
| 040 |
_aBR-BrBNA _bpor _cBiblioteca Nacional de Agricultura |
||
| 041 | _a(Pt) | ||
| 072 | _aE70 | ||
| 100 | 1 | _aSantiago, M.M.D. | |
| 100 | 1 | _aCamargo, M. de L.B. | |
| 100 | 1 | _aDonadelli, A. | |
| 100 | 1 | _aMarinelli, E.M.R. | |
| 245 | 1 | _aComportamento de precos: janeiro de 1992 | |
| 650 | _aPRECO RECEBIDO | ||
| 650 | _aPRECO PAGO | ||
| 650 | _aPRECO MEDIO | ||
| 650 | _aMERCADO ATACADISTA | ||
| 650 | _aSAO PAULO | ||
| 773 | 0 |
_tInformacoes Economicas - Instituto de Economia Agricola (Brazil) _xISSN 0100-4409 _g(Feb 1992), v. 22(2) p. 65-85 _wBR9209192 |
|
| 909 |
_a202311 _bLúcia _c55 _dLúcia Elande |
||
| 942 |
_2AGRIS _n0 _cANA |
||
| 999 |
_c136985 _d136985 |
||